| 000 | 00668nam a2200217 a 4500 | ||
|---|---|---|---|
| 005 | 20240305063710.0 | ||
| 008 | 991125s1993 mx 000 0 spa u | ||
| 020 | _a9684126840 | ||
| 035 | _aUPN01000008287 | ||
| 049 | _aLT | ||
| 050 | 4 |
_aLB1644 M6.1 _bT3.3 |
|
| 100 | 1 | _aTapia Lagunas, Rodrigo | |
| 245 | 1 | 0 |
_aCivismo : _bprimer curso / _cRodrigo Tapia Lagunas, Martha Yolanda Castelán Ojeda |
| 260 |
_aMéxico : _bEsfinge, _c1993 |
||
| 300 |
_a133 p. : _bil. |
||
| 500 | _a"Modernización educativa" | ||
| 650 | 4 |
_aCivismo _xEstudio y enseñanza (Secundaria) _91512 |
|
| 700 | 2 |
_aCastelán Ojeda, Martha Yolanda, _ecoaut. |
|
| 904 |
_aAC _b008287 |
||
| 905 | _aLibro | ||
| 999 |
_c8287 _d8287 |
||